Szczegóły MARC21

Wstępna analiza grafizmu pisma ręcznego /

003 -Nazwa inst., której nr kontr. jest w polu 001 [,]
    • @
    • Nazwa instytucji, której n kontrolny jest w polu 001
    • NUKAT
005 -DATA I CZAS OSTATNIEJ MODYFIKACJI [,]
    • @
    • pole kontrolne
    • 20241231100459.0
040 -Instytucja sporządzająca opis [ , ]
    • a
    • Instytucja, która sporządziła opis (NP)
    • OLSZT 003/WO
    • c
    • Instytucja, która sporządziła rekord (NP)
    • OLSZT 003/WO
    • d
    • Instytucja, która zmodyfikowała rekord (P)
    • OLSZT 003/WO
    • d
    • Instytucja, która zmodyfikowała rekord (P)
    • OLSZT 003/DSs
942 -Rodzaj dokumentu [ , ]
    • c
    • Rodzaj dokumentu
    • Książka
100 -Hasło główne - nazwa osobowa [1, ]
    • a
    • Nazwa osobowa (NP)
    • Grzechnik, Eugeniusz.
    • 9
    • KHW
    • 493964
245 -Strefa tytułu i oznaczenia odpowiedzialności [1,0]
    • a
    • Tytuł
    • Wstępna analiza grafizmu pisma ręcznego / Find
    • c
    • Pozostałe elementy strefy tytułu i oznaczenia odpowiedzialności (NP)
    • Eugeniusz Grzechnik ; Centrum Szkolenia Policji.
260 -Strefa adresu wydawniczego [ , ]
    • a
    • Miejsce wydania (P)
    • Legionowo :
    • b
    • Nazwa wydawcy (P)
    • Wydaw. Centrum Szkolenia Policji,
    • c
    • Data wydania (P)
    • 1991.
300 -Strefa opisu fizycznego [ , ]
    • a
    • Określenie formy książki i/lub objętość (NP)
    • 29 s. :
    • b
    • Oznaczenie ilustracji (NP)
    • rys. ;
    • c
    • Format (NP)
    • 21 cm.
336 -Typ zawartości [ , ]
    • a
    • Termin opisujący typ zawartości
    • Tekst
    • b
    • Kod określający zawartość
    • txt
    • 2
    • Źródło (terminu i kodu)
    • rdacontent
337 -Typ mediów [ , ]
    • a
    • Tryb odtwarzania
    • Bez urządzenia pośredniczącego
    • b
    • Kod typu mediów
    • n
    • 2
    • Źródło (terminu i kodu)
    • rdamedia
338 -Typ/rodzaj nośnika [ , ]
    • a
    • Hasło opisujące typ nośnika
    • Wolumin
    • b
    • Kod typu nośnika
    • nc
    • 2
    • Źródło (terminu i kodu)
    • rdacarrier
080 -Uniwersalna Klasyfikacja Dziesiętna [ , ]
    • a
    • Symbol klasyfikacji
    • 343.982.4
650 -Hasło przedmiotowe [ ,7]
    • a
    • Hasło przedmiotowe
    • Grafologia.
    • 2
    • Źródło terminu
    • kaba
    • 9
    • KHW
    • 110324
980 -Symbol UKD [ , ]
    • a
    • UKD
    • 343.982.4
710 -Hasło dodatkowe - nazwa ciała zbiorowego [2, ]
    • a
    • Nazwa ciała zbiorowego lub nazwa geograficzna jako pierwszy element (NP)
    • Centrum Szkolenia Policji (Legionowo).
    • b
    • Nazwa jednostki podrzędnej (P)
    • Wydział Wydawnictw i Poligrafii.
    • 4
    • Kod relacji
    • pbl
    • 9
    • KHW
    • 77850
Sygnatura Numer inwentarzowy Status udost. Data inwentaryzacji Lokalizacja
 Pd.640611997-01-01BG
SA.5763SA.576311997-01-01BSA